00878nam a2200265 4500003000400000005001700004008004100021020001500062040001800077050002000095100002800115240003200143245011800175264003800293300002500331336002200356337002400378338002400402490003600426650002200462700003500484700006400519942001200583999001700595OSt20260530115258.0260421b1979 sp |||| |||| 00| 0 spa d a8425209609 aICIbspacICI aQH541bB66 1979 0aBosquet, Michel,93084111aEcole et libertelEspañol10aEcologia y libertad :bTécnica, técnicos y lucha de clases /cMichel bosquet ; vers. castellana de Joan giner 1bGustavo Gili,cc1979aBarcelona : a138 páginasc20 cm atexto2rdacontent asin medio2rdamedia avolumen2rdacarrier0 aColeccion tecnologia y sociedad aEcología919532 aGiner, Joan,etraductor9308421 aBosquet, Michel.tEcole et liberteiTraducción de:930843 2lcccBK c12728d12728